Usahawan & keusahawanan : satu perspektif pendidikan

Bibliographic Details
Main Author: Zaidatol Akmaliah Lope Pihie
Format: Book
Language:Malay
Published: Serdang : Penerbit Universiti Putra Malaysia , 2007
Subjects:

MARC

LEADER 00000cam a2200000 7i4500
001 0000025156
005 20140303.0
008 210214 my # may
020 |a 9789833455973 ,   |c RM29.90 
040 |a INS 
090 0 0 |a HB615   |b Z35 2007 
100 1 |a Zaidatol Akmaliah Lope Pihie 
245 1 0 |a Usahawan & keusahawanan :   |b satu perspektif pendidikan   |c Zaidatol Akmaliah Lope Pihie 
260 |a Serdang :   |b Penerbit Universiti Putra Malaysia ,   |c 2007 
300 |a xi,163ms. ;   |c 24cm. 
500 |a Mengandungi rujukan 
650 0 |a Entrepreneurship   |z Malaysia 
650 0 |a Success in business   |z Malaysia 
999 |a 1000001399   |b BOOK   |c Open Shelf   |e Default branch